Jak vzniká něco nového? Založení a transcendence

Vznik nových významov, ich porovnanie a podobnosti. Kľúčové pojmy "inštitúcia" a "transcendencia". Princíp divergencie a postoj k existujúcim tradíciám. Rôzne prístupy ku kreativite a rozdiel medzi dvoma prístupmi.

Uložené v:
Podrobná bibliografia
Hlavný autor: Puc, Jan
Médium: Kapitola
Jazyk:Czech
Predmet:
Tagy: Pridať tag
Žiadne tagy, Buďte prvý, kto otaguje tento záznam!

MARC

LEADER 00000naa a2200000 4500
001 0229716
005 20220725085643.9
041 0 |a cze 
044 |a SK 
245 1 0 |a Jak vzniká něco nového? Založení a transcendence  |c Jan Puc 
520 |a Vznik nových významov, ich porovnanie a podobnosti. Kľúčové pojmy "inštitúcia" a "transcendencia". Princíp divergencie a postoj k existujúcim tradíciám. Rôzne prístupy ku kreativite a rozdiel medzi dvoma prístupmi. 
610 2 0 |a filozofia 
610 2 0 |a filozofi 
610 2 0 |a metódy poznania 
610 2 0 |a smery filozofické 
610 2 0 |a kreativita 
610 2 0 |a divergencia 
610 2 0 |a logika 
610 2 0 |a racionalita 
610 2 0 |a princípy mravné 
100 1 |a Puc, Jan